000 00774nam a2200241 i 4500
001 77688
003 ES-MaACL
005 20250823085845.0
007 t|
008 041103s1998 pr |||| | spa d
020 _a0-8477-0334-7
080 _a664.1(729.5)
100 1 _aIglesias García, Fe.
_965113
245 1 0 _aDel ingenio al central /
_cFe Iglesias García.
250 _a1ª ed.
260 _aSan Juan de Puerto Rico :
_bUniversidad de Puerto Rico,
_c1998.
300 _a230 p. ;
_c23 cm.
650 4 _aIndustria azucarera-
_zCuba.
_9141523
651 4 _aCuba-
_zSituación económica-
_yS.XIX.
_9167680
710 2 _aUniversidad de Puerto Rico
_97273
852 _aES-MaACL
_jE-10219
_z- Donativo Ateneo Puertorriqueño
999 _c77688
_d77688